000 00500nab a2200145Ia 4500
003 ES-SlBCS
005 20210601125313.0
008 140529s2005 xxu||||| |||| 00| 0 eng d
041 _aeng
100 1 _aKusch, Martin
_9132893
245 0 0 _aBeliefs, Kinds and Rules: A Comment on Kornblith's Knowledge and Its Place in Nature
_c Martin Kusch
600 1 4 _aKornblith, Hilary
_9152004
773 0 _tPhilosophy and Phenomenological Research
_gvol. 71, nº. 2, 2005, págs. 411-419
_wRev1411
942 _cAR
999 _c528143
_d528143